书目信息 |
| 题名: |
房地产金融自学辅导
|
|
| 作者: | 刘凤英 主编 | |
| 分册: | ||
| 出版信息: | 沈阳 辽宁大学出版社 2002.01 |
|
| 页数: | 251页 | |
| 开本: | 20cm | |
| 丛书名: | ||
| 单 册: | ||
| 中图分类: | F832.45-44 | |
| 科图分类: | ||
| 主题词: | 金融 , 银行 | |
| 电子资源: | ||
| ISBN: | 7-5610-4256-6 | |
| 000 | 00621nam0 2200217 45 | |
| 001 | 0354894984 | |
| 005 | 2003030715145489 | |
| 010 | @a7-5610-4256-6@dRMB 11.00 | |
| 100 | @a20030307d2002 km y0chiy0120 ea | |
| 101 | 0 | @achi |
| 102 | @aCN@b210000 | |
| 200 | 1 | @a房地产金融自学辅导@Afang di chan jin rong zi xue fu dao@f刘凤英主编@Fliu feng ying zhu bian |
| 210 | @a沈阳@c辽宁大学出版社@d2002.01 | |
| 215 | @a251页@d20cm | |
| 300 | @a全国高等教育自学考试 | |
| 606 | 0 | @a金融 |
| 606 | 0 | @a银行 |
| 690 | @aF832.45-44@v3 | |
| 701 | 0 | @a刘凤英@Aliu feng ying@4主编 |
| 801 | 0 | @aCN@bPFT@c20030307 |
| 905 | @dF832.45-44@eL610 | |
| 房地产金融自学辅导/刘凤英主编.-沈阳:辽宁大学出版社,2002.01 |
| 251页;20cm |
| 全国高等教育自学考试 |
| ISBN 7-5610-4256-6:RMB 11.00 |
| ● |
| 相关链接 |
|
|
|
正题名:房地产金融自学辅导
索取号:F832.45-44/L610
 
预约/预借
| 序号 | 登录号 | 条形码 | 馆藏地/架位号 | 状态 | 备注 |
| 1 | 365130 | 203651306 | 社科库409/409社科库 54排3列1层/ [索取号:F832.45-44/L610] | 在馆 | |
| 2 | 365131 | 203651315 | 社科库409/409社科库 54排3列1层/ [索取号:F832.45-44/L610] | 在馆 | |
| 3 | 365132 | 203651324 | 社科库409/422社科库 33排3列4层/ [索取号:F832.45-44/L610] | 在馆 |